|
|
|
|
| LEADER |
00879nam a2200313 4500 |
| 001 |
DLU080063104 |
| 005 |
##20080916 |
| 022 |
# |
# |
|a 0743-605X
|
| 040 |
# |
# |
|a DLC
|c DLU
|d DLU
|
| 041 |
# |
# |
|a eng
|
| 210 |
# |
# |
|a Cato policy rep.
|
| 222 |
# |
# |
|a Cato policy report
|
| 245 |
# |
# |
|a Cato policy report.
|
| 260 |
# |
# |
|a [Washington, D.C.] :
|b Cato Institute,
|c c1984-
|
| 300 |
# |
# |
|a v. :
|b ill. ;
|c 28 cm.
|
| 310 |
# |
# |
|a Bimonthly
|
| 530 |
# |
# |
|a Also available in electronic format.
|
| 580 |
# |
# |
|a Formed by the union of: Policy report; and: Cato's letter.
|
| 650 |
# |
# |
|a Policy sciences
|v Periodicals.
|
| 651 |
# |
# |
|a United States
|x Politics and government
|y 1945-1989
|v Periodicals.
|
| 710 |
# |
# |
|a Cato Institute.
|
| 994 |
# |
# |
|a DLU
|
| 900 |
# |
# |
|a True
|
| 911 |
# |
# |
|a Trương Bảo Trâm Anh
|
| 925 |
# |
# |
|a G
|
| 926 |
# |
# |
|a A
|
| 927 |
# |
# |
|a TT
|
| 980 |
# |
# |
|a Thư viện Trường Đại học Đà Lạt
|